|
|
|
|
| LEADER |
00000nab a2200000 a 4500 |
| 001 |
vtls000877428 |
| 003 |
SK-MaSNL |
| 005 |
20260304174738.0 |
| 008 |
250429c2004 xo 0 slo |
| 015 |
|
|
|a SNBRB2004/06-19878
|
| 035 |
|
|
|a CLN000228980
|
| 035 |
|
|
|a urn:nbn:sk:snk-ab32bm
|
| 035 |
|
|
|a (urnnbn)urn:nbn:sk:snk:ar-a05jtb
|
| 035 |
|
|
|a (uuid)269a4c5a-a306-4919-bbf2-eb42745c37ed
|
| 040 |
|
|
|a SNKBUCL
|b slo
|c SNKBUCL
|e AACR2
|
| 041 |
0 |
|
|a slo
|
| 044 |
|
|
|a xo
|c SK
|
| 080 |
|
|
|a 616-002.44-089:617.58:061.3
|2 1997
|
| 100 |
1 |
|
|a Žernovický, F.
|4 aut
|9 1120925
|
| 245 |
1 |
0 |
|a Ulcus cruris - z pohľadu chirurga
|c F. Žernovický
|
| 650 |
0 |
7 |
|a sklerotizácia
|2 MESH
|9 25382
|
| 650 |
0 |
7 |
|a vred dolnej končatiny
|x etiológia
|x patológia
|2 MESH
|9 1506372
|
| 650 |
0 |
7 |
|a koagulácia laserová
|x metódy
|x využitie
|2 MESH
|9 1191801
|
| 650 |
0 |
7 |
|a dilatácia balóniková
|x metódy
|x využitie
|2 MESH
|9 1227934
|
| 650 |
0 |
7 |
|a transpozícia veľkých ciev
|x etiológia
|x terapia
|2 MESH
|9 1506373
|
| 655 |
|
7 |
|a články z novín a časopisov
|2 snkbucl
|9 267496
|
| 773 |
0 |
|
|t Interná medicína
|g Roč. 4, č. 3 (2004), s. 194
|x 1335-8359
|
| 850 |
|
|
|a Slovenská národná knižnica
|
| 852 |
|
|
|a Slovenská národná knižnica
|
| 954 |
|
|
|a odborná, vedecká literatúra pôvodná (slovenská)
|2 lita
|
| 958 |
|
|
|a article2022
|
| 958 |
|
|
|a MI
|
| 958 |
|
|
|a OND
|
| 958 |
|
|
|a EUIPO
|
| 999 |
|
|
|c 3010313
|d 3012243
|